Statistics for Countries Closest to South Sudan

Click here to take the quiz!

General Stats

  • This quiz has been taken 339 times
  • The average score is 18 of 20

Answer Stats

kmcountrymiles% Correct
0Sudan0
100%
597Somalia371
97%
1086Egypt675
96%
0Ethiopia0
96%
0Uganda0
95%
0Central African
Republic
0
94%
167Chad102
94%
0Dem Rep Congo0
93%
420Eritrea261
93%
0Kenya0
93%
857Djibouti532
91%
507Rwanda315
91%
792Congo492
89%
1024Libya636
89%
497Tanzania309
88%
655Burundi407
87%
1070Yemen665
81%
877Cameroon545
80%
1046Saudi Arabia650
79%
1013Nigeria629
78%

Score Distribution

Percentile by Number Answered

Percent of People with Each Score

Your Score History

You have not taken this quiz